| 000 | 00445nam a2200133Ia 4500 | ||
|---|---|---|---|
| 008 | 181022s9999 xx 000 0 und d | ||
| 020 | _a9789719809333 | ||
| 100 | _aNocon, Rizaldi C. | ||
| 245 |
_cRizaldi C. Nocon, Ederlina G. Nocon.-- _aEssential mathematics for the modern world / |
||
| 260 |
_aQuezon City : _bC & E publishing, Inc. _c2018 |
||
| 300 |
_ax, 501 pages. _billustrations ; _c26 cm. |
||
| 650 | _aCalculus. | ||
| 650 | _aMathematics. | ||
| 999 |
_c359271 _d359271 |
||